[Event "Ho Chi Minh City HD Bank op 9th"]
[Site "Ho Chi Minh City"]
[Date "2019.03.08"]
[Round "2"]
[White "Chu, Wei Chao"]
[Black "Pascua, Haridas"]
[Result "1-0"]
[WhiteElo "2373"]
[BlackElo "2446"]
[PlyCount "85"]
[EventDate "2019.03.07"]
[EventType "swiss"]
[EventRounds "9"]
[EventCountry "VIE"]
[SourceTitle "CBM 189 Extra"]
[Source "ChessBase"]
[SourceDate "2019.05.31"]
[SourceVersion "1"]
[SourceVersionDate "2019.05.31"]
[SourceQuality "1"]

1. d4 d6 2. Nf3 g6 3. c4 Bg7 4. Nc3 Nd7 5. e4 e5 6. Be2 Ngf6 7. 0-0 0-0 8. Qc2 c6 9. Rd1 Qc7 10. d5 c5 11. a3 a6 12. b4 b6 13. Be3 Kh8 14. Rab1 Ng8 15. bxc5 Nxc5 16. Na4 Rb8 17. Nxc5 bxc5 18. Rxb8 Qxb8 19. Rb1 Qc7 20. Qa4 Bf6 21. Bd2 Bd8 22. Bc3 f5 23. exf5 Bxf5 24. Rb2 Qc8 25. Qc6 Qxc6 26. dxc6 Be4 27. c7 Bxc7 28. Ng5 Nf6 29. Ne6 Rc8 30. f4 Bb8 31. fxe5 dxe5 32. Rxb8 Rxb8 33. Bxe5 Rb1+ 34. Kf2 Rb6 35. Nxc5 Kg8 36. Nxe4 Nxe4+ 37. Ke3 Nc5 38. Kd4 Ne6+ 39. Kd5 Kf7 40. c5 Rb3 41. Bc4 Rb1 42. Kd6 Rd1+ 43. Bd5 1-0

[Event "Asian Continental op 17th"]
[Site "Makati"]
[Date "2018.12.17"]
[Round "8"]
[White "Turqueza, Mari Joseph"]
[Black "Pascua, Haridas"]
[Result "0-1"]
[WhiteElo "2305"]
[BlackElo "2442"]
[PlyCount "144"]
[EventDate "2018.12.10"]
[EventType "swiss"]
[EventRounds "9"]
[EventCountry "PHI"]
[SourceTitle "CBM 187 Extra"]
[Source "ChessBase"]
[SourceDate "2018.11.04"]
[SourceVersion "1"]
[SourceVersionDate "2018.11.04"]
[SourceQuality "1"]

1. c4 Nf6 2. Nc3 e5 3. Nf3 Nc6 4. g3 Bc5 5. Bg2 d6 6. e3 0-0 7. 0-0 a6 8. d4 Ba7 9. h3 Rb8 10. b3 b5 11. cxb5 axb5 12. dxe5 Nxe5 13. Bb2 Nxf3+ 14. Qxf3 Bb7 15. Qf4 Bxg2 16. Kxg2 Qe7 17. Rfd1 b4 18. Ne2 Ne4 19. Rac1 f5 20. h4 Bc5 21. Rc2 h6 22. Qf3 Rbe8 23. Ba1 Kh7 24. Nf4 Ra8 25. h5 Rf7 26. Ng6 Qe8 27. Kg1 Ng5 28. Qd5 Ra5 29. Qg2 Ne4 30. Qf3 Qa8 31. a4 bxa3 32. Rc4 Ng5 33. Qg2 Qxg2+ 34. Kxg2 Ra8 35. Bd4 Ne4 36. Ba1 Nf6 37. Bxf6 Rxf6 38. b4 Ra4 39. Rc3 Bxb4 40. Rxc7 Ra8 41. Rb1 Ba5 42. Rc2 d5 43. Rb3 Bd8 44. Ra2 Rfa6 45. Nf4 Ra5 46. Rd3 Be7 47. Rxd5 Rxd5 48. Nxd5 Bd6 49. Nb6 Rb8 50. Nc4 Bc5 51. Kf3 Rb3 52. Ke2 Kg8 53. Nd2 Rb2 54. Rxb2 axb2 55. Kd3 Bb4 56. Nb1 Kf7 57. Kc2 Be1 58. f4 Bxg3 59. Kxb2 Bf2 60. Nc3 Bxe3 61. Nd5 Bd4+ 62. Kc2 Ke6 63. Nb4 Be3 64. Kd3 Bxf4 65. Kd4 Be5+ 66. Ke3 Kf6 67. Nc6 Bc3 68. Kd3 Bb2 69. Ke3 Kg5 70. Kf3 Kxh5 71. Kf4 g6 72. Ne7 Bc1+ 0-1

[Event "Asian Continental op 17th"]
[Site "Makati"]
[Date "2018.12.15"]
[Round "6"]
[White "Firouzja, Alireza"]
[Black "Pascua, Haridas"]
[Result "1-0"]
[WhiteElo "2607"]
[BlackElo "2442"]
[PlyCount "65"]
[EventDate "2018.12.10"]
[EventType "swiss"]
[EventRounds "9"]
[EventCountry "PHI"]
[SourceTitle "CBM 187 Extra"]
[Source "ChessBase"]
[SourceDate "2018.11.04"]
[SourceVersion "1"]
[SourceVersionDate "2018.11.04"]
[SourceQuality "1"]

1. d4 Nf6 2. c4 g6 3. Nc3 Bg7 4. e4 d6 5. h3 0-0 6. Be3 e5 7. d5 a5 8. g4 Na6 9. Nge2 c6 10. Ng3 cxd5 11. cxd5 Bd7 12. Be2 Ne8 13. h4 Nc5 14. a4 b6 15. Ra3 Nc7 16. h5 Rb8 17. Kf1 Bf6 18. Qd2 b5 19. axb5 Nxb5 20. Nxb5 Bxb5 21. Bxb5 Rxb5 22. g5 Be7 23. Kg2 Rb4 24. Rh4 Nb3 25. Qd1 Bxg5 26. Bxg5 Qxg5 27. Rg4 Qd2 28. Qf3 f5 29. hxg6 h5 30. g7 Rf6 31. Nxh5 Rf7 32. Rg6 Nd4 33. Qh3 1-0

[Event "Olympiad-43"]
[Site "Batumi"]
[Date "2018.09.30"]
[Round "6.52"]
[White "Pascua, Haridas"]
[Black "Wilson, David1"]
[Result "1-0"]
[WhiteElo "2435"]
[BlackElo "1651"]
[PlyCount "77"]
[EventDate "2018.09.24"]
[EventType "team-swiss"]
[EventRounds "11"]
[EventCountry "GEO"]
[SourceTitle "CBM 187"]
[Source "ChessBase"]
[SourceDate "2018.12.11"]
[SourceVersion "1"]
[SourceVersionDate "2018.12.11"]
[SourceQuality "1"]
[WhiteTeam "Philippines"]
[BlackTeam "Jersey"]
[WhiteTeamCountry "PHI"]
[BlackTeamCountry "GCI"]

1. Nf3 b6 2. g3 Bb7 3. Bg2 Nf6 4. 0-0 e6 5. d3 Be7 6. e4 0-0 7. e5 Ne8 8. Nc3 c5 9. h4 f6 10. Ne4 d5 11. Nc3 Nc6 12. exf6 Bxf6 13. Ng5 Bxg5 14. Bxg5 Nf6 15. Re1 Qd7 16. Ne2 d4 17. Bxf6 Rxf6 18. Nf4 Raf8 19. Qg4 Bc8 20. Re2 e5 21. Qxd7 Bxd7 22. Bxc6 Bxc6 23. Rxe5 h6 24. Ne6 R8f7 25. f4 Bd7 26. Rae1 Bxe6 27. Rxe6 Rxe6 28. Rxe6 Kf8 29. Kg2 Re7 30. Rxe7 Kxe7 31. Kf3 Ke6 32. Ke4 h5 33. f5+ Kf6 34. a4 a5 35. Kf4 g6 36. fxg6 Kxg6 37. Ke5 Kg7 38. Kf5 Kh6 39. Kf6 1-0

[Event "Olympiad-43"]
[Site "Batumi"]
[Date "2018.09.27"]
[Round "4.27"]
[White "Pascua, Haridas"]
[Black "Sirosh, Ilja"]
[Result "1/2-1/2"]
[WhiteElo "2435"]
[BlackElo "2380"]
[PlyCount "141"]
[EventDate "2018.09.24"]
[EventType "team-swiss"]
[EventRounds "11"]
[EventCountry "GEO"]
[SourceTitle "CBM 187"]
[Source "ChessBase"]
[SourceDate "2018.12.11"]
[SourceVersion "1"]
[SourceVersionDate "2018.12.11"]
[SourceQuality "1"]
[WhiteTeam "Philippines"]
[BlackTeam "Estonia"]
[WhiteTeamCountry "PHI"]
[BlackTeamCountry "EST"]

1. Nf3 Nf6 2. g3 d5 3. Bg2 g6 4. b3 Bg7 5. Bb2 c5 6. c4 d4 7. 0-0 Nc6 8. e3 0-0 9. exd4 cxd4 10. Re1 Nd7 11. d3 Re8 12. Ba3 a5 13. Nbd2 h6 14. Nh4 Nb4 15. Bxb4 axb4 16. a4 Ra6 17. f4 e5 18. Qe2 f5 19. Bd5+ Kh7 20. Rad1 Rf8 21. fxe5 Nxe5 22. Ndf3 Ng4 23. Ng2 g5 24. Qe7 Nf6 25. Bxb7 Qxe7 26. Rxe7 Ra7 27. Rxg7+ Kxg7 28. Bxc8 Rxc8 29. Nxd4 Kg6 30. Ne3 f4 31. gxf4 gxf4 32. Ng2 Nh5 33. Kf2 Rd7 34. Nc2 Kg5 35. Rg1 Nf6 36. h3 Rxd3 37. Nge1+ Rg3 38. Rxg3+ fxg3+ 39. Kxg3 Ne4+ 40. Kg2 Nc5 41. Nxb4 Nxb3 42. Nf3+ Kf6 43. Nd5+ Kg7 44. Ne5 Rc5 45. Kf3 Ra5 46. Kf4 Rxa4 47. Ne3 Nc5 48. Nf5+ Kh7 49. h4 Ra3 50. Ng4 Rc3 51. Ngxh6 Rxc4+ 52. Kf3 Ne6 53. h5 Ra4 54. Kg3 Nf4 55. Kg4 Ne6+ 56. Kg3 Rf4 57. Kh3 Ng7 58. Nxg7 Kxh6 59. Ne6 Re4 60. Nc5 Rc4 61. Ne6 Re4 62. Nc5 Re5 63. Nd7 Re7 64. Nf6 Kg5 65. Ng4 Ra7 66. Nf2 Kxh5 67. Kg3 Ra3+ 68. Kf4 Kg6 69. Ne4 Ra5 70. Nd6 Kf6 71. Ne4+ 1/2-1/2

[Event "Kuala Lumpur op 15th"]
[Site "Kuala Lumpur"]
[Date "2018.08.24"]
[Round "6"]
[White "Pascua, Haridas"]
[Black "Le, Tuan Minh"]
[Result "1/2-1/2"]
[WhiteElo "2435"]
[BlackElo "2512"]
[PlyCount "132"]
[EventDate "2018.08.20"]
[EventType "swiss"]
[EventRounds "9"]
[EventCountry "MAS"]
[SourceTitle "CBM 186 Extra"]
[Source "ChessBase"]
[SourceDate "2018.08.24"]
[SourceVersion "1"]
[SourceVersionDate "2018.08.24"]
[SourceQuality "1"]

1. c4 e6 2. Nf3 Nf6 3. g3 d5 4. Bg2 dxc4 5. Qa4+ Bd7 6. Qxc4 c5 7. Ne5 Qc8 8. b3 Nc6 9. Nxd7 Qxd7 10. Bb2 Be7 11. 0-0 0-0 12. d3 Rac8 13. Qc1 Rfd8 14. Nd2 Nd5 15. Ne4 b6 16. Re1 h6 17. Qd2 Nd4 18. e3 Nc6 19. Red1 Rc7 20. Qe2 Qe8 21. f4 Rcd7 22. Kh1 Qf8 23. g4 f5 24. Ng3 Bf6 25. Bxf6 Qxf6 26. Nh5 Qf7 27. Rg1 fxg4 28. Qxg4 Nxe3 29. Qh3 Nd4 30. Nxg7 Nxg2 31. Rxg2 Kh7 32. Rag1 Rd5 33. Qe3 R5d6 34. Qe5 Rd5 35. Qe4+ Rf5 36. Nxf5 Nxf5 37. Qe5 Re8 38. Qe4 Re7 39. Qa8 Re8 40. Qc6 Re7 41. a4 Nd4 42. Qe4+ Nf5 43. Qe5 Re8 44. a5 bxa5 45. Qe4 Re7 46. Qa8 Re8 47. Qc6 Rd8 48. Qe4 Rd6 49. Qa8 Rb6 50. Rg8 Qb7+ 51. Qxb7+ Rxb7 52. Rc8 Nd4 53. Rxc5 Nxb3 54. Rc4 Rd7 55. Rg3 Nd4 56. Kg2 Nf5 57. Rh3 Rb7 58. Ra4 Rb5 59. d4 Kg6 60. Rha3 Rb2+ 61. Kh3 Rf2 62. Rxa5 Nxd4 63. Kg3 Rf1 64. R5a4 Rd1 65. Rc4 Rd2 66. Rxd4 Rxd4 1/2-1/2